| 000 | 01129nam a22002177a 4500 | ||
|---|---|---|---|
| 999 |
_c32795 _d32795 |
||
| 003 | OSt | ||
| 005 | 20241114193244.0 | ||
| 008 | 140214b2021 slv spa | ||
| 040 | _cBMC | ||
| 082 | _a362.173 | ||
| 100 | 1 |
_945828 _aCatota Ruiz, Daniel Alexander |
|
| 245 | 1 | 0 |
_aDocumental rol de enfermería en la prevención de infecciones asociadas a la atención sanitaria en procedimientos invasivos en el primer nivel de atención _b: Investigación, Informe final _cDaniel Alexander Catota Ruiz, Katherinne Griselda Ramírez Pineda |
| 260 |
_aSanta Ana (El Salvador) _bUniversidad Católica de El Salvador _c2021 |
||
| 300 |
_a1 folleto [33] h. _c28 cm _e+ 1 disco compacto |
||
| 500 | _aPrecede al tít.: Universidad Católica de El Salvador, Facultad de Ciencias de la Salud. Escuela de enfermería | ||
| 502 | _aPara optar al grado académico de: Licenciatura en enfermería | ||
| 650 | 2 | 0 |
_924102 _aEnfermería de atención primaria |
| 700 | 1 |
_945829 _aRamírez Pineda, Katherinne Griselda |
|
| 710 | 2 |
_919917 _aUniversidad Católica de El Salvador _bEscuela de Ciencias de la Salud |
|
| 942 |
_2ddc _cTG _hprozim |
||